000 02045nam a2200241 4500
001 6028
010 _a9726262550
021 _b123681/98
090 _a6028
100 _a20211231d1998 m||y0pory50030103ba
200 1 _aO universo de Stephen Hawking - Uma explicação do cosmos»
_fDavid Filkin
_gpref. Stephen Hawking; trad. Maria de Fátima Costa Moura
210 9 _aLisboa
_cPublicações Alfa
_d1998
215 _a257 p.
_cil.
304 _aTít. orig.: Stephen Hawking's Universe - the cosmos explained
330 _aO Universo de Stephen Hawking revela, passo a passo, como podemos partilhar da sua compreensão do cosmos, e qual o nosso lugar dentro dele. Contemplar as estrelas nunca mais foi igual desde que os cosmólogos descobriram galáxias que se afastam umas das outras a uma velocidade extraordinária. Foi esta compreensão do movimento das galáxias que permitiu aos cientistas desenvolver uma teoria de como foi criado o universo – a teoria do Big Bang. Trabalhando sobre esta teoria, Stephen Hawking e outros físicos sentiram-se desafiados a desenvolver uma imagem científica que se prendesse com esta questão fundamental: qual é a natureza do universo? O Universo de Stephen Hawking traça este trabalho e fornece explicações simples para fenómenos que excitam a nossa curiosidade. Existem buracos negros? Porque brilham as estrelas? O que é uma supernova? Também mostra como os especialistas se aproximaram tanto de uma compreensão integral do universo. O Universo de Stephen Hawking constitui uma viagem de descoberta, com um conjunto espantoso de conclusões que nos irão permitir perceber como a matéria pode ser produzida a partir do nada, fornecendo-nos uma explicação para a base da nossa existência e de tudo quanto nos rodeia.
606 _94351
_aAstronomia
675 _a521/524
_vBN
_zpor
700 _aFilkin
_bDavid
_95717
702 _aHawking
_bStephen
_f1942-2018
_95619
702 _aMoura
_bMaria de Fátima Costa
_95718
801 0 _aPT
_bBMVN
_gRPC
830 _cInês Silva
_d31/12/2021
990 _cLIVROS